[Event "Wloclawek CC Classic 17th"]
[Site "Wloclawek"]
[Date "2016.??.??"]
[Round "1"]
[White "Jaloszynski, Ryszard"]
[Black "Cichocki, Konrad"]
[Result "0-1"]
[WhiteElo "1250"]
[BlackElo "1851"]
[PlyCount "50"]
[EventDate "2016.06.??"]
[EventType "swiss"]
[EventRounds "7"]
[EventCountry "POL"]
[SourceTitle "EXT 2021"]
[Source "ChessBase"]
[SourceDate "2020.10.23"]
[SourceVersion "1"]
[SourceVersionDate "2020.10.23"]
[SourceQuality "1"]

1. d4 Nf6 2. Nf3 d5 3. e3 Bg4 4. c4 c6 5. Nc3 e6 6. a3 Be7 7. cxd5 exd5 8. Bd3 Nbd7 9. Bd2 Qc7 10. Rc1 0-0 11. 0-0 Qd6 12. e4 dxe4 13. Nxe4 Nxe4 14. Bxe4 Nf6 15. Bb4 Qc7 16. Re1 Bxb4 17. axb4 Rfe8 18. Qd3 Rxe4 19. Rxe4 Nxe4 20. Qxe4 Bxf3 21. Qxf3 Qd7 22. Rd1 Rd8 23. Qc3 Qg4 24. Rd2 Qe4 25. Qe3 Qb1+ 0-1